000 005460000a22001810004500
003 MACL
005 20160401163957.0
008 160401b xxu||||| |||| 00| 0 eng d
040 _aMACL
_cMACL
041 _aHindi
082 _a370
100 _aगिजुभाई बधेका
_920209
245 _aमॉण्‍टेसरी शिक्षा पद्धति
260 _aदिल्‍ली
_bसंस्‍कृति साहित्‍य
_c2000
350 _a350
650 _2Education
942 _cHIN
_k370
_2ddc
999 _c44834
_d44834